Fr. Conceicao Rodrigues College of Engineering

General management. (Record no. 23865)

MARC details
000 -LEADER
fixed length control field 00301nam a2200145Ia 4500
082 ## - DEWEY DECIMAL CLASSIFICATION NUMBER
Classification number 658
Item number DAV
100 ## - MAIN ENTRY--PERSONAL NAME
Personal name Davar/ Rustom S.
245 ## - TITLE STATEMENT
Title General management.
260 ## - PUBLICATION, DISTRIBUTION, ETC.
Name of publisher, distributor, etc. Progressive corpor.
Date of publication, distribution, etc. 1966
300 ## - PHYSICAL DESCRIPTION
Extent 602
546 ## - LANGUAGE NOTE
Language note ENGLISH
654 ## - SUBJECT ADDED ENTRY--FACETED TOPICAL TERMS
Focus term Management.
942 ## - ADDED ENTRY ELEMENTS (KOHA)
Koha item type BOOK
Holdings
Withdrawn status Lost status Damaged status Not for loan Collection Home library Current library Date acquired Total Checkouts Full call number Barcode Date last seen Price effective from Koha item type
        CRC Fr. Agnel's C.Rodrigues College of Engineering Fr. Agnel's C.Rodrigues College of Engineering 17/03/2023   658 DAV 11633 17/03/2023 17/03/2023 BOOK